000 00459nam a22001937a 4500
003 MPLRDC
005 20220104124133.0
008 210129b ||||| |||| 00| 0 eng d
020 _a962-04-0582-X
082 _a830.8 HWWC v.7
100 _a木令耆编
245 _a边缘人
_c
250 _a一版一刷
260 _a
_b三联书店
_c1987
300 _b
490 _a海外文丛
650 _a中国文学总集
942 _cBK
_o830.8 HWWC v.7
999 _c16931
_d16921